00796nam a2200229 a 450000100060000000300090000600800410001502000150005604000280007108200200009910000370011924500200015626000360017630000130021250000260022550502070025165000280045865000200048665000310050694200120053799900170054914642CO-ViMGA141112s2004 ck r 000 u spa d a9589538363 aCO-ViMGAbspacCO-ViMGA aFr973.319 C177b1 aCarrillo Torres, Jose Abel9415110aBailemos joropo aVillavicencio. Entreletras.2000 a50.p.il. aEn : Bailemos joropo; aJoropo. - danza. - Metodo baile del joropo. - Base. - Pasos de desplazamiento. - Pasos de acoplamiento. - Paso eje. - Zapateo basico. - Escobillao. - Figuras. - Trajes típicos. - Folclor. - Biografia.14aDANZAS - COLOMBIA9415214aFOLCLOR LLANERO14aJOROPO - ENSEÑANZA94154 2ddccBK c11497d11497